[Event "EU-ch U16 Girls 26th"]
[Site "Prague"]
[Date "2016.08.20"]
[Round "3"]
[White "Litvjakova, Darija"]
[Black "Ciocan, Maria Alexandra"]
[Result "0-1"]
[WhiteElo "1597"]
[BlackElo "1742"]
[PlyCount "88"]
[EventDate "2016.08.18"]
[EventType "swiss"]
[EventRounds "9"]
[EventCountry "CZE"]
[SourceTitle "CBM 174 Extra"]
[Source "ChessBase"]
[SourceDate "2016.10.10"]
[SourceVersion "1"]
[SourceVersionDate "2016.10.10"]
[SourceQuality "1"]

1. e4 c5 2. c3 Nf6 3. e5 Nd5 4. d4 cxd4 5. cxd4 e6 6. Nc3 Nxc3 7. bxc3 Qc7 8. Bd2 d6 9. Nf3 Nc6 10. Bb5 Bd7 11. exd6 Bxd6 12. 0-0 0-0 13. Bd3 Rfe8 14. Qb3 h6 15. h3 Na5 16. Qc2 Bc6 17. Be4 Nc4 18. Rfe1 Rac8 19. Rac1 Qa5 20. Bxc6 Rxc6 21. Qb3 b6 22. Re2 Rec8 23. Be1 Qa6 24. Rb1 Na3 25. Rbb2 Bf4 26. Qd1 Nb5 27. Qd3 Nc7 28. Qxa6 Nxa6 29. g3 Bd6 30. Ne5 Bxe5 31. dxe5 Nc7 32. Rb3 Rc5 33. f4 Nd5 34. Rc2 Rc4 35. a3 a5 36. Rcb2 Re4 37. Bf2 a4 38. Rb5 Rxc3 39. Kg2 Rxa3 40. Bxb6 Nxb6 41. Rxb6 Ree3 42. g4 Rxh3 43. Kf2 Rhf3+ 44. Ke2 Rxf4 0-1

[Event "EU-ch U16 Girls 26th"]
[Site "Prague"]
[Date "2016.08.18"]
[Round "1"]
[White "Litvjakova, Darija"]
[Black "Nilssen, Ellen Fredericia"]
[Result "0-1"]
[WhiteElo "1597"]
[BlackElo "1947"]
[PlyCount "112"]
[EventDate "2016.08.18"]
[EventType "swiss"]
[EventRounds "9"]
[EventCountry "CZE"]
[SourceTitle "CBM 174 Extra"]
[Source "ChessBase"]
[SourceDate "2016.10.10"]
[SourceVersion "1"]
[SourceVersionDate "2016.10.10"]
[SourceQuality "1"]

1. e4 e6 2. d4 d5 3. e5 c5 4. c3 Nc6 5. Nf3 Bd7 6. Be2 cxd4 7. cxd4 Nge7 8. Nc3 Nf5 9. Be3 Be7 10. Qd2 Rc8 11. 0-0 0-0 12. Rac1 f6 13. Bf4 Qb6 14. Rfd1 fxe5 15. Bxe5 Nh4 16. Bg3 Nxf3+ 17. Bxf3 Bf6 18. Ne2 Nxd4 19. Nxd4 Rxc1 20. Rxc1 Qxd4 21. Qxd4 Bxd4 22. Rc2 Rc8 23. Rxc8+ Bxc8 24. b3 Bd7 25. Bg4 Kf7 26. Kf1 Bb5+ 27. Ke1 Bd3 28. Kd2 Bb1 29. a4 Kf6 30. Be2 Be5 31. f4 Bd6 32. Bg4 Bf5 33. Bf3 Bb4+ 34. Kc1 h6 35. Bf2 a6 36. Bd4+ Kf7 37. g3 Be7 38. Kd2 Bf6 39. Kc3 Ke7 40. g4 Bg6 41. f5 Bf7 42. Bxf6+ Kxf6 43. fxe6 Bxe6 44. Kd4 Kg5 45. h3 Kh4 46. Bg2 Kg3 47. Bf1 Bf7 48. b4 g5 49. Kc5 Kf2 50. Bd3 Ke3 51. Bf5 d4 52. Kd6 d3 53. Ke5 Bb3 54. Bxd3 Kxd3 55. a5 Kc3 56. Kf5 Bd5 0-1

[Event "Wch U14 Girls"]
[Site "Al Ain"]
[Date "2013.12.24"]
[Round "8"]
[White "Pincay Coloma, Daniela Estefan"]
[Black "Litvjakova, Darija"]
[Result "1-0"]
[WhiteElo "1491"]
[BlackElo "1588"]
[PlyCount "69"]
[EventDate "2013.12.18"]
[EventType "swiss"]
[EventRounds "11"]
[EventCountry "UAE"]
[SourceTitle "CBM 158 Extra"]
[Source "ChessBase"]
[SourceDate "2014.02.28"]
[SourceVersion "1"]
[SourceVersionDate "2014.02.28"]
[SourceQuality "1"]

1. Nf3 d5 2. g3 Nf6 3. Bg2 Nc6 4. d3 Bf5 5. Nbd2 e6 6. a3 Be7 7. c4 0-0 8. 0-0 Bg6 9. b3 Re8 10. Bb2 dxc4 11. Nxc4 Nd7 12. b4 a6 13. Rc1 Bf6 14. d4 Rb8 15. Nce5 Ndxe5 16. Nxe5 Nxe5 17. dxe5 Be7 18. Qxd8 Rexd8 19. Rxc7 Bf8 20. Rxb7 Rbc8 21. e3 Rc2 22. Bd4 Bd3 23. Rd1 Bb5 24. Bf1 Ba4 25. Bxa6 Ra2 26. Rc1 Rxa3 27. Bc5 Bxc5 28. bxc5 Bc6 29. Rb6 Ra8 30. Rxc6 R3xa6 31. Rxa6 Rxa6 32. c6 Ra8 33. c7 Rc8 34. Rd1 Kf8 35. Rd8+ 1-0

[Event "Wch U14 Girls"]
[Site "Al Ain"]
[Date "2013.12.22"]
[Round "6"]
[White "Aleksandrova, Tetyana"]
[Black "Litvjakova, Darija"]
[Result "1/2-1/2"]
[WhiteElo "1815"]
[BlackElo "1588"]
[PlyCount "71"]
[EventDate "2013.12.18"]
[EventType "swiss"]
[EventRounds "11"]
[EventCountry "UAE"]
[SourceTitle "CBM 158 Extra"]
[Source "ChessBase"]
[SourceDate "2014.02.28"]
[SourceVersion "1"]
[SourceVersionDate "2014.02.28"]
[SourceQuality "1"]

1. e4 c6 2. d4 d5 3. exd5 cxd5 4. c3 Nf6 5. h3 Bf5 6. Bd3 Bxd3 7. Qxd3 Nc6 8. Nf3 e6 9. Bf4 Bd6 10. Bxd6 Qxd6 11. 0-0 0-0 12. Nbd2 Rfe8 13. Rfe1 Rac8 14. Ne5 Nd7 15. f4 f6 16. Nxd7 Qxd7 17. Nf3 Ne7 18. Nh4 Rc6 19. Re2 Nc8 20. Rae1 Nd6 21. Nf3 Rb6 22. g4 g6 23. Kg2 Qb5 24. Qxb5 Rxb5 25. g5 f5 26. Ne5 Ne4 27. Rc2 Rc8 28. Rec1 Ra5 29. b3 b5 30. Kg1 Ra6 31. Kf1 Ng3+ 32. Kf2 Ne4+ 33. Ke3 Nd6 34. Kd3 Kg7 35. h4 Rc7 36. Ke3 1/2-1/2

[Event "Wch U14 Girls"]
[Site "Al Ain"]
[Date "2013.12.21"]
[Round "5"]
[White "Litvjakova, Darija"]
[Black "Zaitseva, Viktoria"]
[Result "0-1"]
[WhiteElo "1588"]
[BlackElo "1876"]
[PlyCount "90"]
[EventDate "2013.12.18"]
[EventType "swiss"]
[EventRounds "11"]
[EventCountry "UAE"]
[SourceTitle "CBM 158 Extra"]
[Source "ChessBase"]
[SourceDate "2014.02.28"]
[SourceVersion "1"]
[SourceVersionDate "2014.02.28"]
[SourceQuality "1"]

1. e4 d6 2. d4 Nf6 3. Nc3 g6 4. Nf3 Bg7 5. Be2 0-0 6. 0-0 c5 7. d5 Na6 8. Bf4 Nc7 9. Re1 a6 10. a4 Rb8 11. Qd2 b5 12. axb5 axb5 13. Bf1 b4 14. Nd1 Re8 15. Qd3 Bg4 16. h3 Bxf3 17. Qxf3 Nd7 18. Qb3 Nb5 19. Bxb5 Rxb5 20. Ne3 Qc7 21. Nc4 Nb6 22. Ra2 Nxc4 23. Qxc4 Reb8 24. b3 Bc3 25. Rd1 Ra5 26. Rxa5 Qxa5 27. Qd3 Ra8 28. Bd2 Bf6 29. f4 Qa6 30. Qxa6 Rxa6 31. Kf2 Ra2 32. Rc1 Bb2 33. Rb1 Bd4+ 34. Ke2 Rxc2 35. Kd3 Ra2 36. Bxb4 Rxg2 37. Be1 Bf6 38. Kc4 Rg1 39. Rc1 Bb2 40. Rb1 Rf1 41. h4 Bf6 42. Rc1 Bxh4 43. Bd2 Rxc1+ 44. Bxc1 Bg3 45. Be3 h5 0-1